MBHS Teachers - Statistics

General Stats
  • This quiz has been taken 9 times
  • The average score is 21 of 25
Answer Stats
Grade Hint Teacher % Correct
9 Hardest English Teacher Clay
100%
All Spanish teacher who's room is a hike from the main building Guevara
100%
9/10 Above Replacement Loh
100%
9 Teacher who Quit 2024 Lucas
100%
9 Bald Thai Goat Punhong
100%
9 Awesome APUSH Teacher Rathmell
100%
All Tonka Owner Schafer
100%
All Spanish teacher with questionablepolitical views Araujo
86%
10 If you don't have the previous,you have: Arbogast
86%
9 Teacher with hated Singing Gaffne
86%
10 Marine/Magnet Bio Teacher Glenn
86%
9 Mid APUSH Teacher Kenyi
86%
9 Teacher by Day, Track Coachby Night Kirk
86%
All Bearded Director Oldham
86%
10 Shares his Name with a BelovedFlower Rose
86%
All Ohhhhh Myyyyy God Sahu
86%
None Principal 24-25 Yates
86%
10 He's Too Nice Castro
71%
All Spanish Teacher with an Italian name Gargiulo
71%
All Not Bearded Director Smolen
71%
10 English Teacher with a Tat Bannister
57%
9 Easiest English Teacher Blake
57%
10 Teacher with the highest 5 percentage on their AP exam Cirincione
57%
None Above Replacement Monteleone
57%
None Shares a nickname with a computerscience method efficiency notation Ostrander
57%
No matching quizzes found
Score Distribution
Percent of People with Each Score
Percentile by Number Answered
Your Score History
You have not taken this quiz